00599nam a2200181Ia 4500008004100000041000800041082001600049100002100065245002800086250001300114260003200127300000800159365001600167700002100183906003600204999001900240952015800259230718s9999 xx 000 0 und d aeng a604.20bKUM aKumar A.9111386 aEngineering Graphics II a3 rd Ed. c2005bTech Max Publications a660 cRs.b565.00 aKumar A.9111386 dB:26104-Apr-2008cALLEDSb84.75 c318633d318633 01104070aCCEPbCCEPd2008-04-09eOm Book StallfALLEDSg480.25i261o604.20pCCEP-BK-29840r2023-07-18 00:00:00t84.75v565.00w2008-04-04yBKz029840